Fr. Conceicao Rodrigues College of Engineering

Computer Management Planning (Record no. 33552)

MARC details
000 -LEADER
fixed length control field 00319nam a2200145Ia 4500
082 ## - DEWEY DECIMAL CLASSIFICATION NUMBER
Classification number 621.3
Item number Ban
100 ## - MAIN ENTRY--PERSONAL NAME
Personal name Banerjee/Utpal K
245 ## - TITLE STATEMENT
Title Computer Management Planning
260 ## - PUBLICATION, DISTRIBUTION, ETC.
Name of publisher, distributor, etc. Tata McGraw Hill
Place of publication, distribution, etc. NEW DELHI
Date of publication, distribution, etc. 1985
300 ## - PHYSICAL DESCRIPTION
Extent 330
546 ## - LANGUAGE NOTE
Language note ENGLISH
654 ## - SUBJECT ADDED ENTRY--FACETED TOPICAL TERMS
Focus term Management
942 ## - ADDED ENTRY ELEMENTS (KOHA)
Koha item type BOOK
Holdings
Withdrawn status Lost status Damaged status Not for loan Collection Home library Current library Shelving location Date acquired Total Checkouts Full call number Barcode Date last seen Price effective from Koha item type
        AFT Fr. Agnel's C.Rodrigues College of Engineering Fr. Agnel's C.Rodrigues College of Engineering   17/03/2023   621.3 Ban AFT5366 17/03/2023 17/03/2023 BOOK